| 000 | 00438nam a2200157Ia 4500 | ||
|---|---|---|---|
| 008 | 230917s9999||||xx |||||||||||||| ||und|| | ||
| 020 | _cRs. 750.00 | ||
| 040 |
_e5015482 _aMAIN |
||
| 041 | _aEnglish | ||
| 082 | _a954.00882971 U1U | ||
| 100 | _aUmar, Muhammad | ||
| 245 | 0 | _aUrban culture in northern India during the eighteenth century | |
| 260 |
_aNew Delhi _bMunshiram Manoharlal publishers _c2001 |
||
| 300 | _a393 p. | ||
| 942 | _cBK | ||
| 999 |
_c10718 _d10718 |
||